000 00192 a2200097 4500
001 11387
100 _aMoraer
245 _aYonder One World
260 _a
_bMacmillon
_c
090 _c8934
_d8934
942 _aNUST-CAE
_cM
_c35749
999 _c246460
_d246460